Asterix : (Registro nro. 11828)

Detalles MARC
000 -LIDER
fixed length control field 00520nam a22002057a 4500
001 - NÚMERO DE CONTROL
Identificador de número de control 0011740
003 - IDENTIFICACDOR DE NÚMERO DE CONTROL
control field DO-SdBNP
005 - DATE AND TIME OF LATEST TRANSACTION
control field 20180212120306.0
007 - CAMPOS FIJOS DE DESCRIPCIÓN FÍSICA
fixed length control field 0011740
008 - ELEMENTOS DE LONGITUD FIJA
fixed length control field 161108b 1981 sp||||| |||| 00| 0 spa d
020 ## - ISBN
International Standard Book Number 842432239
040 ## - FUENTE DE CATALOGACIÓN
Agencia que crea de manera original el registro BPMSU
Idioma de catalogación spa
Agencia que realiza la transcripción BPMSU
082 ## - NÚMERO DE CLASIFICACIÓN DECIMAL DE DEWEY
Classification number xxxxxxx
Item number xxxxxxx
245 ## - MENCIÓN DE TITULO
Título Asterix :
Subtítulo el nuevo jefe
260 ## - PUBLICACIÓN, DISTRIBUCIÓN, ETC. (PIE DE IMPRENTA)
Lugar de publicación, distribución, etc España :
Nombre del editor, distribuidor, etc. Fher,
Fecha de publicación, distribución, etc 1981.
300 ## - DESCRIPCIÓN FÍSICA
Extensión 80 p. :
Otros detalles físicos il.,
Dimensiones 25 cm.
942 ## - ADDED ENTRY ELEMENTS (KOHA)
Source of classification or shelving scheme Dewey Decimal Classification
Koha item type Libros
945 ## - INFORMACIÓN DE PROCESAMIENTO LOCAL
Información de procesamiento local inventariado, 2018 / dg
956 ## - LOCAL ELECTRONIC LOCATION AND ACCESS (OCLC)
Nombre de host BTAVÁREZ
Número de acceso 10
Información de compresión 20161108
Trayectoria 0011740
Existencias
Withdrawn status Lost status Source of classification or shelving scheme Damaged status Not for loan Collection code Home library Current library Date acquired Source of acquisition Total Checkouts Full call number Barcode Date last seen Price effective from Koha item type
    Dewey Decimal Classification     Colección Infantil General Biblioteca Pública Metropolitana Salomé Ureña Biblioteca Pública Metropolitana Salomé Ureña 11/08/2016 Fundi   xxxxxxx xxxxxxx BPMSU16110154 11/08/2016 11/08/2016 Libros